[Event "22nd European Teams"]
[Site "Batumi GEO"]
[Date "2019.11.01"]
[Round "8.2"]
[Board "4"]
[White "Svane, Rasmus"]
[Black "Onischuk, Vladimir"]
[Result "0-1"]
[WhiteTitle "GM"]
[BlackTitle "GM"]
[WhiteElo "2592"]
[BlackElo "2616"]
[WhiteTeam "Germany"]
[BlackTeam "Ukraine"]
[WhiteFideId "4657101"]
[BlackFideId "14114038"]
[EventDate "2019.10.24"]

1. d4 d6 2. e4 Nf6 3. Nc3 g6 4. Nf3 Bg7 5. Be3 d5 6. e5 Ng4 7. Bf4 f6 8. h3 Nh6
9. Bd3 O-O 10. O-O c6 11. Re1 b6 12. Qd2 Nf7 13. h4 Na6 14. e6 Nd6 15. h5 g5 16.
Bxd6 Qxd6 17. h6 Bxh6 18. Nh4 Bxe6 19. Bxa6 Bg7 20. Qe2 Bd7 21. Qxe7 Qc7 22. Nf3
Rae8 23. Qb4 g4 24. Nh4 g3 25. fxg3 Qxg3 26. Nf3 Bh6 27. Ne2 Be3+ 28. Kh1 Qc7
29. g3 Rf7 30. Nf4 Rg7 31. Qc3 Rxg3 32. Rxe3 Qxf4 33. Rxe8+ Kf7 34. Re2 Bg4 35.
Rf1 Bxf3+ 36. Rxf3 Rxf3 37. Qd2 Rf1+ 0-1

[Event "22nd European Teams"]
[Site "Batumi GEO"]
[Date "2019.11.01"]
[Round "8.3"]
[Board "1"]
[White "Saric, Ivan"]
[Black "Lenic, Luka"]
[Result "1/2-1/2"]
[WhiteTitle "GM"]
[BlackTitle "GM"]
[WhiteElo "2667"]
[BlackElo "2644"]
[WhiteTeam "Croatia"]
[BlackTeam "Slovenia"]
[WhiteFideId "14508150"]
[BlackFideId "14603853"]
[EventDate "2019.10.24"]

1. e4 e5 2. Nf3 Nc6 3. Bb5 a6 4. Ba4 Nf6 5. O-O b5 6. Bb3 Bc5 7. c3 d6 8. d4 Bb6
9. a4 Rb8 10. a5 Ba7 11. Be3 Bg4 12. Nbd2 exd4 13. cxd4 O-O 14. Qb1 Bh5 15. Rc1
Nb4 16. Rc3 h6 17. Nf1 Bg6 18. Ng3 Nfd5 19. Qc1 Nxe3 20. Qxe3 Qe7 21. Qf4 c5 22.
Nh4 c4 23. Ngf5 Qe6 24. Rg3 Kh7 25. Nxg7 Qxe4 26. Nxg6 Qxf4 27. Nxf4 Bxd4 28.
Ngh5 cxb3 29. Rxb3 Nc6 30. Nd5 Rb7 31. Nhf6+ Kh8 32. Rd1 Nxa5 33. Ra3 Bxf6 34.
Nxf6 Nc4 35. Rxa6 Nxb2 1/2-1/2

[Event "22nd European Teams"]
[Site "Batumi GEO"]
[Date "2019.11.01"]
[Round "8.3"]
[Board "2"]
[White "Borisek, Jure"]
[Black "Bosiocic, Marin"]
[Result "0-1"]
[WhiteTitle "GM"]
[BlackTitle "GM"]
[WhiteElo "2584"]
[BlackElo "2619"]
[WhiteTeam "Slovenia"]
[BlackTeam "Croatia"]
[WhiteFideId "14603152"]
[BlackFideId "14507927"]
[EventDate "2019.10.24"]

1. e4 c5 2. Nf3 d6 3. Bb5+ Nd7 4. d4 cxd4 5. Qxd4 a6 6. Bxd7+ Bxd7 7. Nc3 e5 8.
Qd3 h6 9. Nd2 Rc8 10. Nc4 Be6 11. Ne3 Nf6 12. O-O Qc7 13. a4 Be7 14. Rd1 O-O 15.
Bd2 Rfd8 16. Be1 Qc6 17. a5 Rd7 18. Ncd5 Bxd5 19. exd5 Qc7 20. c4 Bf8 21. Rac1
g6 22. b4 Qd8 23. b5 Ra8 24. Qb1 Qe8 25. Bb4 Rc7 26. b6 Rcc8 27. c5 dxc5 28. Bc3
c4 29. Qa2 Bc5 30. Nxc4 Ne4 31. Be1 Bd4 32. Kh1 Qb5 33. Rc2 Qxd5 34. f3 Nc5 35.
Bg3 Nd7 36. h4 Rc5 37. Nxe5 Qxa2 38. Rxa2 Bxe5 39. Bf2 Rb5 40. Rxd7 Rb1+ 41. Bg1
Bg3 42. Rad2 Re8 43. Rd1 Re1 44. Rxe1 Rxe1 45. Rxb7 Bf2 46. g4 Rxg1+ 47. Kh2 Rb1
48. Ra7 Rb2 49. Kh1 Bxh4 50. Rxa6 Bf2 51. Ra8+ Kg7 52. Rb8 h5 53. gxh5 gxh5 54.
f4 h4 55. a6 Rb1+ 56. Kh2 Bg1+ 57. Kh3 Bxb6 0-1

[Event "22nd European Teams"]
[Site "Batumi GEO"]
[Date "2019.11.01"]
[Round "8.3"]
[Board "3"]
[White "Stevic, Hrvoje"]
[Black "Sebenik, Matej"]
[Result "1-0"]
[WhiteTitle "GM"]
[BlackTitle "GM"]
[WhiteElo "2570"]
[BlackElo "2519"]
[WhiteTeam "Croatia"]
[BlackTeam "Slovenia"]
[WhiteFideId "14502569"]
[BlackFideId "14602296"]
[EventDate "2019.10.24"]

1. e4 c5 2. c3 Nf6 3. e5 Nd5 4. Nf3 Nc6 5. Bc4 Nb6 6. Bb3 c4 7. Bc2 d6 8. exd6
Qxd6 9. O-O Bg4 10. Re1 O-O-O 11. Qe2 Qf6 12. Be4 Bh5 13. Na3 Ne5 14. Bxb7+ Kxb7
15. Qxe5 Bxf3 16. gxf3 Qxf3 17. Qe4+ Qxe4 18. Rxe4 f5 19. Re5 e6 20. Nc2 Re8 21.
b3 Bd6 22. Ra5 Re7 23. Rb1 Ka8 24. Ba3 Bxa3 25. Nxa3 cxb3 26. axb3 e5 27. Re1
Rhe8 28. Nb5 Nc8 29. c4 Kb8 30. Kf1 g6 31. c5 e4 32. b4 Rd8 33. Ke2 Rd3 34. Rea1
f4 35. c6 f3+ 36. Kd1 Rd5 37. c7+ Kb7 38. Rxa7+ Kc6 39. Rc1+ Kb6 40. Ra8 Rxb5
41. Rb8+ 1-0

[Event "22nd European Teams"]
[Site "Batumi GEO"]
[Date "2019.11.01"]
[Round "8.3"]
[Board "4"]
[White "Skoberne, Jure"]
[Black "Brkic, Ante"]
[Result "1/2-1/2"]
[WhiteTitle "GM"]
[BlackTitle "GM"]
[WhiteElo "2567"]
[BlackElo "2600"]
[WhiteTeam "Slovenia"]
[BlackTeam "Croatia"]
[WhiteFideId "14604299"]
[BlackFideId "14506688"]
[EventDate "2019.10.24"]

1. d4 Nf6 2. c4 e6 3. Nf3 d5 4. Nc3 Bb4 5. cxd5 exd5 6. Bg5 h6 7. Bh4 O-O 8. e3
Bf5 9. Qb3 Bxc3+ 10. Qxc3 Nbd7 11. Nd2 Rc8 12. Be2 Ne4 13. Bxd8 Nxc3 14. bxc3
Rfxd8 15. Nf1 c5 16. Ng3 Bg6 17. Kd2 Rc6 18. f4 f6 19. f5 Bf7 20. Rhb1 Rc7 21.
a4 cxd4 22. cxd4 Nb6 23. a5 Nc8 24. Rc1 Rdd7 25. Bb5 Re7 26. Ne2 Nd6 27. Bd3 Kf8
28. a6 b6 29. Nc3 Ke8 30. Na4 Rxc1 31. Rxc1 Kd8 32. Nc3 Rc7 33. g4 Bg8 34. Rg1
Bf7 35. h4 Ke7 36. g5 hxg5 37. hxg5 fxg5 38. Rxg5 Kf6 39. Rg6+ Bxg6 40. Nxd5+
Kg5 41. fxg6 Rd7 42. Nc3 Nf5 43. Be4 Nd6 44. Bd3 Nf5 45. Be4 Nd6 1/2-1/2

[Event "22nd European Teams"]
[Site "Batumi GEO"]
[Date "2019.11.01"]
[Round "8.4"]
[Board "2"]
[White "Sargissian, Gabriel"]
[Black "Naiditsch, Arkadij"]
[Result "1/2-1/2"]
[WhiteTitle "GM"]
[BlackTitle "GM"]
[WhiteElo "2690"]
[BlackElo "2643"]
[WhiteTeam "Armenia"]
[BlackTeam "Azerbaijan"]
[WhiteFideId "13300881"]
[BlackFideId "4650891"]
[EventDate "2019.10.24"]

1. d4 Nf6 2. c4 e6 3. Nf3 d5 4. g3 Bb4+ 5. Bd2 Be7 6. Bg2 O-O 7. O-O c6 8. Qc2
b6 9. Ne5 Nfd7 10. Bf4 Nxe5 11. dxe5 Ba6 12. cxd5 cxd5 13. Rd1 Qd7 14. Nc3 Rc8
15. Rac1 Bb4 16. a3 Bxc3 17. bxc3 Qe7 18. e4 d4 19. Rxd4 Nc6 20. Rd6 g5 21. Be3
Nxe5 22. Rcd1 Rc7 23. Qc1 h6 24. f4 Nc4 25. e5 Nxe3 26. Qxe3 Rac8 27. Rc1 Bb7
28. Bxb7 Rxb7 29. f5 exf5 30. Rxh6 Qc5 31. Qxc5 Rxc5 32. Rh5 Rxe5 33. Rxg5+ Kf8
34. Rf1 Ra5 35. Rgxf5 Rxa3 36. R1f3 Rc7 37. h4 a5 38. Rb5 Rcxc3 39. Rxc3 Rxc3
40. Rxb6 Rxg3+ 41. Kf2 Ra3 42. h5 a4 43. h6 Kg8 44. Rb8+ Kh7 45. Rb7 Ra1 46.
Rxf7+ Kxh6 47. Kg2 Kg5 48. Rc7 Kf4 49. Rc4+ Ke3 50. Rb4 Ra2+ 51. Kg1 Kf3 52. Rc4
Ra3 53. Kh2 Ra1 54. Rc3+ Ke2 55. Rc4 Ra2 56. Kg1 Ke3 57. Rb4 Kf3 58. Rc4 Ra1+
59. Kh2 a3 60. Rc3+ Kf2 61. Rb3 Ra2 62. Rc3 Ke1+ 63. Kg1 Ra1 64. Kg2 Ke2 65. Rb3
Kd1 66. Rf3 Ra2+ 67. Kg1 Kc2 68. Rf2+ Kb3 69. Rf3+ Kc4 70. Rf4+ Kd5 71. Rf3 Kd4
72. Rb3 Kc5 73. Rf3 Kc4 74. Rf4+ Kd5 75. Rf3 Ra1+ 76. Kg2 Ke4 77. Rc3 Kd4 78.
Rf3 a2 79. Ra3 Kc4 80. Ra8 Kd5 1/2-1/2

[Event "22nd European Teams"]
[Site "Batumi GEO"]
[Date "2019.11.01"]
[Round "8.4"]
[Board "3"]
[White "Guseinov, Gadir"]
[Black "Melkumyan, Hrant"]
[Result "1/2-1/2"]
[WhiteTitle "GM"]
[BlackTitle "GM"]
[WhiteElo "2660"]
[BlackElo "2650"]
[WhiteTeam "Azerbaijan"]
[BlackTeam "Armenia"]
[WhiteFideId "13401378"]
[BlackFideId "13302485"]
[EventDate "2019.10.24"]

1. e4 e5 2. Nf3 Nc6 3. Bb5 a6 4. Ba4 Nf6 5. O-O Be7 6. d3 b5 7. Bb3 d6 8. a4 Bd7
9. Nc3 Na5 10. Ba2 b4 11. Nd5 Nxd5 12. Bxd5 c6 13. Ba2 c5 14. Nd2 O-O 15. Nc4
Nxc4 16. Bxc4 Be6 17. Bxe6 fxe6 18. Qg4 Rf6 19. b3 Rg6 20. Qh3 Qd7 21. f4 exf4
22. Bxf4 Bf6 23. Rad1 Rf8 24. Be3 Qe7 25. Rf3 Be5 26. Rdf1 Rxf3 27. Rxf3 Rf6 28.
Qg4 Qf7 29. Bg5 Rxf3 30. gxf3 h5 31. Qh3 Qg6 32. Qg2 Qf7 33. Qh3 Qg6 34. Qg2 Qf7
35. Kf1 Bf4 36. Bh4 Kh7 37. Ke2 d5 38. Be1 Qf6 39. Bd2 Bxd2 40. Kxd2 c4 41. dxc4
dxc4 42. Qh3 g6 43. bxc4 Qc3+ 44. Kd1 Qxc4 45. Qg3 b3 46. cxb3 Qxb3+ 47. Ke2
Qxa4 48. Qc7+ Kg8 49. Qd8+ Kf7 50. Qc7+ Ke8 51. Ke3 Qa3+ 52. Kf2 Qd3 53. h4 Qd8
54. Qc6+ Kf7 55. Kg3 Qb8+ 56. Kh3 Qf4 57. Qd7+ Kf8 58. Qd8+ Kg7 59. Kg2 Qf6 60.
Qc7+ Kh6 61. Qc1+ g5 62. Kf2 a5 63. hxg5+ Qxg5 64. f4 Qh4+ 65. Kg2 Qg4+ 66. Kf2
Qh4+ 67. Kf3 Qg4+ 68. Kf2 Kg6 69. Qc7 h4 70. Qd6 Kh6 71. Qf8+ Qg7 72. Qd6 Qg3+
73. Ke2 Qg4+ 74. Ke3 a4 75. Qe5 Qg3+ 76. Ke2 Qg4+ 77. Ke3 Kh7 78. Qf6 Qg3+ 79.
Ke2 Qg2+ 80. Ke3 Qg1+ 81. Ke2 Qg4+ 82. Ke3 1/2-1/2

[Event "22nd European Teams"]
[Site "Batumi GEO"]
[Date "2019.11.01"]
[Round "8.4"]
[Board "4"]
[White "Pashikian, Arman"]
[Black "Safarli, Eltaj"]
[Result "1-0"]
[WhiteTitle "GM"]
[BlackTitle "GM"]
[WhiteElo "2599"]
[BlackElo "2593"]
[WhiteTeam "Armenia"]
[BlackTeam "Azerbaijan"]
[WhiteFideId "13301578"]
[BlackFideId "13402129"]
[EventDate "2019.10.24"]

1. d4 Nf6 2. c4 e6 3. Nf3 d5 4. g3 Be7 5. Bg2 O-O 6. Nc3 Nbd7 7. Qd3 a6 8. Ne5
c6 9. Nxd7 Qxd7 10. O-O b6 11. Bf4 a5 12. Na4 Qa7 13. cxd5 Ba6 14. Qb3 b5 15.
Nc5 Bxc5 16. dxc5 exd5 17. Be5 Ne4 18. Bxe4 dxe4 19. Qe3 f6 20. Bd6 Rfe8 21.
Rfd1 b4 22. Rd4 Qf7 23. b3 Qh5 24. Re1 Bb5 25. Kg2 Qf5 26. Qf4 Qxf4 27. gxf4 e3
28. Kf3 exf2 29. Kxf2 a4 30. e4 axb3 31. axb3 Ra2+ 32. Kg3 Rc2 33. Rxb4 Rc3+ 34.
Kg4 g6 35. f5 Kf7 36. fxg6+ hxg6 37. e5 f5+ 38. Kg5 Ke6 39. Rh4 Rc2 40. Re3 Be2
41. Kxg6 Ra2 42. Rh6 f4 43. Kg5+ Kd5 44. Kxf4 Re6 45. Rf6 Ba6 46. Kg3 Re8 47. e6
Rg8+ 48. Kf3 Rg5 49. e7 Ra1 50. Re5+ 1-0

[Event "22nd European Teams"]
[Site "Batumi GEO"]
[Date "2019.11.01"]
[Round "8.5"]
[Board "3"]
[White "Piorun, Kacper"]
[Black "Deac, Bogdan-Daniel"]
[Result "1/2-1/2"]
[WhiteTitle "GM"]
[BlackTitle "GM"]
[WhiteElo "2643"]
[BlackElo "2613"]
[WhiteTeam "Poland"]
[BlackTeam "Romania"]
[WhiteFideId "1130420"]
[BlackFideId "1226380"]
[EventDate "2019.10.24"]

1. e4 e5 2. Nf3 Nc6 3. Bb5 a6 4. Ba4 Nf6 5. O-O Bc5 6. c3 O-O 7. d3 d5 8. Bxc6
bxc6 9. Nxe5 dxe4 10. d4 Bd6 11. Bg5 h6 12. Bh4 Bxe5 13. dxe5 Qxd1 14. Rxd1 Nd5
15. Re1 Rb8 16. b3 Bf5 17. c4 Nb4 18. Re2 Rfe8 19. Bg3 Bg4 20. Rd2 Rbd8 21. Rxd8
Rxd8 22. Nc3 e3 23. fxe3 Rd2 24. Ne4 Rxa2 25. Rxa2 Nxa2 26. Nc5 Nc1 27. Be1 Bd1
28. b4 Be2 29. e6 fxe6 30. Bd2 Nd3 31. Nxe6 Ne5 32. c5 Nc4 33. Bc1 a5 34. bxa5
Nxa5 35. Bb2 Nb7 36. Bd4 Kf7 37. Nf4 Bc4 38. Kf2 Nd8 39. Be5 Ne6 40. Nxe6 1/2-1/2

[Event "22nd European Teams"]
[Site "Batumi GEO"]
[Date "2019.11.01"]
[Round "8.5"]
[Board "4"]
[White "Georgescu, Tiberiu-Marian"]
[Black "Dragun, Kamil"]
[Result "0-1"]
[WhiteTitle "GM"]
[BlackTitle "GM"]
[WhiteElo "2508"]
[BlackElo "2584"]
[WhiteTeam "Romania"]
[BlackTeam "Poland"]
[WhiteFideId "1213300"]
[BlackFideId "1134167"]
[EventDate "2019.10.24"]

1. d4 Nf6 2. c4 g6 3. Nc3 Bg7 4. e4 d6 5. Nf3 O-O 6. Be2 e5 7. d5 a5 8. h3 Na6
9. Bg5 Qe8 10. Nd2 Bd7 11. O-O h6 12. Be3 Nh7 13. a3 f5 14. exf5 gxf5 15. f3 Ng5
16. h4 Nf7 17. Rc1 Bf6 18. Bf2 Qe7 19. g3 Kh8 20. Qe1 Rg8 21. Kh1 Rg7 22. Rg1
Rag8 23. Bf1 h5 24. Rg2 Nh6 25. Ne2 Nc5 26. Ng1 a4 27. Nh3 f4 28. Ng5 Bxg5 29.
hxg5 Qxg5 30. gxf4 Qxf4 31. Be3 Qf6 32. Rh2 Nf5 33. Bf2 Qg5 34. Rg2 Qf4 35. Rc3
Ng3+ 36. Bxg3 Rxg3 37. Qe3 h4 38. Rxg3 hxg3 39. Bg2 Qh4+ 40. Kg1 Qh2+ 41. Kf1
Rg6 42. Rc2 Bh3 43. Ne4 Nxe4 44. Qxe4 Qh1+ 45. Ke2 Qxg2+ 46. Kd3 Qf1+ 47. Kc3
Kg7 0-1

[Event "22nd European Teams"]
[Site "Batumi GEO"]
[Date "2019.11.01"]
[Round "8.6"]
[Board "1"]
[White "Navara, David"]
[Black "Bogner, Sebastian"]
[Result "1-0"]
[WhiteTitle "GM"]
[BlackTitle "GM"]
[WhiteElo "2717"]
[BlackElo "2571"]
[WhiteTeam "Czech Republic"]
[BlackTeam "Switzerland"]
[WhiteFideId "309095"]
[BlackFideId "4692055"]
[EventDate "2019.10.24"]

1. d4 Nf6 2. c4 e6 3. Nc3 Bb4 4. e3 O-O 5. Bd3 d5 6. cxd5 exd5 7. Ne2 Re8 8. Bd2
Bd6 9. Rc1 a6 10. O-O b6 11. Nf4 Bb7 12. Qf3 c5 13. Nfxd5 Nxd5 14. Bc4 Bxh2+ 15.
Kxh2 Qc7+ 16. Qg3 Qxg3+ 17. Kxg3 Nf6 18. dxc5 Re5 19. f3 Rxc5 20. Bb3 Nbd7 21.
e4 Rac8 22. Rfd1 R5c7 23. Be3 Nc5 24. Na4 Kf8 25. Nxb6 Nxb3 26. Rxc7 Rxc7 27.
axb3 Ke7 28. b4 Ke6 29. Bc5 Bxe4 30. Kf4 1-0

[Event "22nd European Teams"]
[Site "Batumi GEO"]
[Date "2019.11.01"]
[Round "8.6"]
[Board "2"]
[White "Pelletier, Yannick"]
[Black "Laznicka, Viktor"]
[Result "1-0"]
[WhiteTitle "GM"]
[BlackTitle "GM"]
[WhiteElo "2555"]
[BlackElo "2667"]
[WhiteTeam "Switzerland"]
[BlackTeam "Czech Republic"]
[WhiteFideId "1301837"]
[BlackFideId "316385"]
[EventDate "2019.10.24"]

1. d4 d5 2. c4 dxc4 3. e4 Nf6 4. e5 Nd5 5. Bxc4 Bf5 6. Qb3 c6 7. Ne2 Qb6 8. Qf3
Bxb1 9. Bxd5 cxd5 10. Rxb1 e6 11. O-O Nc6 12. Rd1 Be7 13. Qg4 g6 14. Bh6 Bf8 15.
Qf4 Bxh6 16. Qxh6 Qb4 17. a3 Qf8 18. Qf4 Qe7 19. Rd3 O-O 20. Rf3 Kg7 21. Rh3 f6
22. Qh6+ Kg8 23. Nf4 Rf7 24. Nxg6 Qd7 25. Rg3 hxg6 26. Rxg6+ Rg7 27. exf6 Rxg6
28. Qxg6+ Kf8 29. Qh6+ Kg8 30. Qg6+ Kf8 31. Qh6+ Kg8 32. Rd1 e5 33. dxe5 Qg4 34.
f3 1-0

[Event "22nd European Teams"]
[Site "Batumi GEO"]
[Date "2019.11.01"]
[Round "8.6"]
[Board "3"]
[White "Stocek, Jiri"]
[Black "Kurmann, Oliver"]
[Result "1-0"]
[WhiteTitle "GM"]
[BlackTitle "IM"]
[WhiteElo "2569"]
[BlackElo "2420"]
[WhiteTeam "Czech Republic"]
[BlackTeam "Switzerland"]
[WhiteFideId "304760"]
[BlackFideId "1308173"]
[EventDate "2019.10.24"]

1. d4 Nf6 2. c4 e6 3. Nf3 b6 4. Bg5 Bb7 5. Nc3 Bb4 6. Qc2 h6 7. Bh4 g5 8. Bg3
Ne4 9. e3 Bxc3+ 10. bxc3 d6 11. Bd3 f5 12. c5 Nd7 13. cxd6 cxd6 14. O-O Rc8 15.
c4 h5 16. d5 Ndc5 17. h4 e5 18. Nxg5 Nxg5 19. Bxf5 Nf7 20. f4 Rg8 21. fxe5 Rxg3
22. Bg6 Rc7 23. Bxf7+ Rxf7 24. Rxf7 Kxf7 25. Qf2+ Ke7 26. Qxg3 dxe5 27. Rf1 Qh8
28. Qg5+ Ke8 29. Rf6 Qh7 30. Rd6 e4 1-0

[Event "22nd European Teams"]
[Site "Batumi GEO"]
[Date "2019.11.01"]
[Round "8.6"]
[Board "4"]
[White "Gallagher, Joseph G."]
[Black "Michalik, Peter"]
[Result "0-1"]
[WhiteTitle "GM"]
[BlackTitle "GM"]
[WhiteElo "2439"]
[BlackElo "2578"]
[WhiteTeam "Switzerland"]
[BlackTeam "Czech Republic"]
[WhiteFideId "1303422"]
[BlackFideId "14907526"]
[EventDate "2019.10.24"]

1. e4 c6 2. d4 d5 3. Nc3 dxe4 4. Nxe4 Bf5 5. Ng3 Bg6 6. Nf3 Nd7 7. Bc4 e6 8. O-O
Qc7 9. Re1 Ngf6 10. c3 Bd6 11. Nh4 O-O 12. Qf3 c5 13. Nxg6 hxg6 14. dxc5 Ne5 15.
Qe2 Qxc5 16. Bb3 Neg4 17. Be3 Nxe3 18. Qxe3 Qxe3 19. Rxe3 Rfd8 20. Ne4 Ng4 21.
Rh3 Be7 22. Re1 a5 23. a4 Ra6 24. Bd1 Ne5 25. Be2 Rc6 26. Bb5 Rcc8 27. Rhe3 Nc4
28. R3e2 Rd5 29. g3 Ne5 30. Kg2 Rcd8 31. f4 Nd3 32. Rb1 Nc5 33. Rbe1 Nxe4 34.
Rxe4 g5 35. fxg5 Bxg5 36. Re5 Be7 37. Bc4 Rc5 38. Rxc5 Bxc5 39. Kf1 Kf8 40. Ke2
Ke7 41. Kf3 b6 42. h4 Rd2 43. Re2 Rd1 44. Kg2 Rg1+ 45. Kh2 Ra1 46. Bb3 g6 47.
Kg2 Ke8 48. Kf3 Bf8 49. Rh2 Rf1+ 50. Kg2 Rb1 51. Kf3 Bg7 52. Bc4 Ke7 53. Bd3 Rd1
54. Ke2 Ra1 55. h5 Ra2 56. Kf3 gxh5 57. Rxh5 Rxb2 58. Rb5 Rd2 59. Be2 Rd6 60. c4
Bd4 61. Rb1 Bc5 62. Rd1 Rc6 63. g4 Rc8 64. Rh1 Rd8 65. Rd1 Rh8 66. Kg2 Kf6 67.
Rd7 Rf8 68. Kf3 Ke5 69. Bd3 f6 70. Bc2 Rh8 71. Bh7 Bd6 72. Ke3 Rc8 73. Bd3 Rf8
74. Kf3 Rg8 75. Bh7 Rg5 76. Bd3 f5 77. gxf5 exf5 78. Rf7 Rh5 79. Rb7 Bc5 80. Rg7
Kf6 81. Rg8 Bd6 82. Bf1 Rh1 83. Ke2 Bc5 84. Bg2 Ra1 85. Bc6 Ra2+ 86. Kd3 Ra3+
87. Ke2 f4 88. Rg4 Re3+ 89. Kd2 Ke5 90. Rg5+ Kd4 91. Rf5 Bb4+ 92. Kc2 Re2+ 93.
Kb3 Ke3 94. Re5+ Kf2 95. Rf5 Re3+ 96. Kc2 f3 97. c5 bxc5 98. Kb2 Ke2 99. Bb5+
Ke1 100. Rh5 f2 101. Rh1+ Kd2 102. Rf1 Rf3 103. Ba6 Rf4 104. Kb3 Ke3 105. Bb5
c4+ 106. Kc2 Ke2 0-1

[Event "22nd European Teams"]
[Site "Batumi GEO"]
[Date "2019.11.01"]
[Round "8.7"]
[Board "1"]
[White "Indjic, Aleksandar"]
[Black "Lagarde, Maxime"]
[Result "1/2-1/2"]
[WhiteTitle "GM"]
[BlackTitle "GM"]
[WhiteElo "2638"]
[BlackElo "2657"]
[WhiteTeam "Serbia"]
[BlackTeam "France"]
[WhiteFideId "911925"]
[BlackFideId "662399"]
[EventDate "2019.10.24"]

1. Nf3 f5 2. d3 Nc6 3. d4 e6 4. c4 Nf6 5. g3 Be7 6. Bg2 O-O 7. O-O d6 8. d5 Ne5
9. Qb3 Nxf3+ 10. exf3 e5 11. f4 exf4 12. Bxf4 Nd7 13. Nc3 g5 14. Bd2 Nc5 15. Qd1
Bf6 16. b4 Nd7 17. f4 gxf4 18. gxf4 Bg7 19. Rb1 a5 20. a3 axb4 21. axb4 Nf6 22.
Ne2 Ra2 23. Rb3 Bd7 24. Nc3 Ra8 25. h3 Kh8 26. Be3 Qe8 27. Bd4 Qg6 28. Rf2 Rg8
29. b5 b6 30. Kh1 Nh5 31. Ne2 Bxd4 32. Qxd4+ Qf6 33. Qxf6+ Nxf6 34. Nd4 Ra4 35.
Rc2 Re8 36. Kh2 Kg7 37. Rg3+ Kf7 38. Bf3 Re1 39. Rgg2 Raa1 40. Rge2 Rxe2+ 41.
Nxe2 Ra3 1/2-1/2

[Event "22nd European Teams"]
[Site "Batumi GEO"]
[Date "2019.11.01"]
[Round "8.7"]
[Board "3"]
[White "Zajic, Milan"]
[Black "Bauer, Christian"]
[Result "1/2-1/2"]
[WhiteTitle "GM"]
[BlackTitle "GM"]
[WhiteElo "2477"]
[BlackElo "2606"]
[WhiteTeam "Serbia"]
[BlackTeam "France"]
[WhiteFideId "912336"]
[BlackFideId "603767"]
[EventDate "2019.10.24"]

1. e4 c5 2. Nf3 Nc6 3. d4 cxd4 4. Nxd4 Qb6 5. Nb3 Nf6 6. Nc3 e6 7. Bd3 Qc7 8.
O-O a6 9. f4 d6 10. Be3 Be7 11. Qf3 O-O 12. Kh1 b5 13. a4 b4 14. Ne2 Bb7 15. Qh3
Rad8 16. a5 Qb8 17. Bb6 Rde8 18. Rae1 Qa8 19. Bf2 e5 20. f5 Nb8 21. Ng3 Nbd7 22.
Nd2 d5 23. exd5 Bxd5 24. Nde4 Bd8 25. Nd6 e4 26. Nxe8 Rxe8 27. Be2 e3 28. Bg1
Bxa5 29. Nh5 Bb6 30. Bf3 Nxh5 31. Bxd5 Qxd5 32. Qxh5 Qe5 33. Qe2 Qxb2 34. Qxa6
Qxc2 35. Qb5 Qc7 36. Rc1 e2 37. Rxc7 exf1=Q 38. Qxf1 Bxc7 39. Qb5 Nf6 40. Qxb4
h5 41. g3 Re4 42. Qc5 Be5 43. Qc8+ Kh7 44. Qb7 Kg8 45. Qa8+ Kh7 46. Qf8 h4 47.
Kg2 hxg3 48. hxg3 Rg4 49. Bf2 Bxg3 50. Bxg3 Nh5 51. Kh3 Rxg3+ 52. Kh4 f6 53.
Kxh5 Rg5+ 54. Kh4 Rxf5 55. Qd6 Rg5 56. Qb8 Re5 57. Kg3 1/2-1/2

[Event "22nd European Teams"]
[Site "Batumi GEO"]
[Date "2019.11.01"]
[Round "8.7"]
[Board "4"]
[White "Gharamian, Tigran"]
[Black "Ivic, Velimir"]
[Result "1/2-1/2"]
[WhiteTitle "GM"]
[BlackTitle "IM"]
[WhiteElo "2590"]
[BlackElo "2525"]
[WhiteTeam "France"]
[BlackTeam "Serbia"]
[WhiteFideId "13301527"]
[BlackFideId "950122"]
[EventDate "2019.10.24"]

1. d4 Nf6 2. c4 g6 3. Nc3 d5 4. Nf3 Bg7 5. cxd5 Nxd5 6. e4 Nxc3 7. bxc3 c5 8.
Be3 Qa5 9. Qd2 O-O 10. Rc1 Rd8 11. h4 cxd4 12. cxd4 Qxd2+ 13. Bxd2 Nd7 14. Bb4
Nb6 15. Be2 Bg4 16. d5 e6 17. dxe6 Bxe6 18. a3 a5 19. Bd2 Bb2 20. Rb1 Na4 21.
Bb5 Ba2 22. O-O Bxb1 23. Rxb1 Bc3 24. Bg5 Nc5 25. Bxd8 Rxd8 26. e5 Kf8 27. g3 f6
28. Rc1 Ne4 29. exf6 Bxf6 30. Rc7 Nd6 31. Bd7 1/2-1/2

[Event "22nd European Teams"]
[Site "Batumi GEO"]
[Date "2019.11.01"]
[Round "8.8"]
[Board "1"]
[White "Mastrovasilis, Dimitrios"]
[Black "Solak, Dragan"]
[Result "1-0"]
[WhiteTitle "GM"]
[BlackTitle "GM"]
[WhiteElo "2596"]
[BlackElo "2602"]
[WhiteTeam "Greece"]
[BlackTeam "Turkey"]
[WhiteFideId "4202694"]
[BlackFideId "916811"]
[EventDate "2019.10.24"]

1. e4 c6 2. d4 d5 3. Nd2 dxe4 4. Nxe4 Bf5 5. Qf3 e6 6. Ne2 Bxe4 7. Qxe4 Nf6 8.
Qf3 Qd5 9. Qb3 c5 10. Qxd5 Nxd5 11. a3 Nc6 12. dxc5 Bxc5 13. g3 Nf6 14. Bg2
O-O-O 15. O-O Rd7 16. c4 Nd4 17. Nxd4 Bxd4 18. Ra2 Ng4 19. b4 Ne5 20. c5 Nd3 21.
Be4 Nxc1 22. Rxc1 Kd8 23. Rd2 e5 24. Kg2 Ke7 25. f4 f6 26. fxe5 fxe5 27. Rf1 g6
28. h4 Rf8 29. Rh1 Kf6 30. b5 Rc7 31. c6 bxc6 32. Rf1+ Ke7 33. Rxf8 Kxf8 34.
bxc6 Ke7 35. Rd3 Kd6 36. Rf3 Kc5 37. Rf8 Kc4 38. Rb8 Bb6 39. Rb7 Kb3 40. g4 Kc4
41. g5 Rc8 42. Rxh7 Kd4 43. Bxg6 Rxc6 44. Bf5 e4 45. Re7 Rc2+ 46. Kh3 Ke3 47.
Kg4 Rg2+ 48. Kh5 Kf4 49. Bxe4 Re2 50. Rf7+ Kxe4 51. Re7+ Kf3 52. Rxe2 Kxe2 53.
g6 Bd4 54. Kg4 Bg7 55. Kg5 Kf3 56. h5 Bb2 57. h6 Bc1+ 58. Kh5 1-0

[Event "22nd European Teams"]
[Site "Batumi GEO"]
[Date "2019.11.01"]
[Round "8.8"]
[Board "2"]
[White "Yilmaz, Mustafa"]
[Black "Banikas, Hristos"]
[Result "1-0"]
[WhiteTitle "GM"]
[BlackTitle "GM"]
[WhiteElo "2595"]
[BlackElo "2597"]
[WhiteTeam "Turkey"]
[BlackTeam "Greece"]
[WhiteFideId "6302718"]
[BlackFideId "4202031"]
[EventDate "2019.10.24"]

1. d4 Nf6 2. c4 e6 3. Nf3 b6 4. g3 Ba6 5. b3 Bb4+ 6. Bd2 Be7 7. Bg2 d5 8. cxd5
exd5 9. Nc3 O-O 10. O-O Re8 11. a3 Nbd7 12. b4 c5 13. Re1 Bc4 14. Qb1 a5 15. b5
Rc8 16. Bf4 Nh5 17. Be3 Nhf6 18. Bh3 Bd6 19. Nd2 cxd4 20. Bxd4 Bc5 21. Bxc5 Rxc5
22. Nb3 Bxb3 23. Qxb3 d4 24. Na4 Rce5 25. Qd3 Nc5 26. Nxc5 bxc5 27. Bg2 Nd5 28.
e3 dxe3 29. f4 c4 30. Qd4 Rf5 31. Be4 Rxe4 32. Qxe4 g6 33. Qxc4 Qb6 34. Re2 Nf6
35. a4 Rc5 36. Qd3 Nd5 37. Rae1 h5 38. Qd4 Kh7 39. f5 gxf5 40. Rf1 Kg6 41. Kh1
Qc7 42. Kg1 Qb6 43. Rb2 Qc7 44. Rd1 Rc1 45. Qxd5 f6 1-0